| 000 | 00660cam a22002173a 4500 | ||
|---|---|---|---|
| 001 | 43560 | ||
| 003 | PGUSA | ||
| 005 | 20140828084006.0 | ||
| 008 | 130826s2013||||xxu|||||s|||||000 | eng d | ||
| 040 |
_aPGUSA _beng |
||
| 042 | _adc | ||
| 100 | 1 |
_aLouwerse, Pieter, _d1840-1909 |
|
| 245 | 1 | 0 |
_aEen Delftshavensche Kwajongen : _bHet Leven van Luitenant-Admiraal Piet Heyn _h[electronic resource] / _cPieter Louwerse |
| 260 |
_bProject Gutenberg, _c2013 |
||
| 506 | _aPublic domain in the USA. | ||
| 516 | _aElectronic text | ||
| 700 | 1 | _aRonner, Alfred | |
| 830 | 0 |
_aProject Gutenberg _v43560 |
|
| 856 | 4 | 0 | _uhttp://www.gutenberg.org/ebooks/43560 |
| 942 | _cEB | ||
| 999 |
_c272811 _d272811 |
||